Dental materials and their selection / (Record no. 17275)
[ view plain ]
| 000 -LEADER | |
|---|---|
| fixed length control field | 00897cam a2200265 a 4500 |
| 001 - CONTROL NUMBER | |
| control field | 15245160 |
| 005 - DATE AND TIME OF LATEST TRANSACTION | |
| control field | 20140407093632.0 |
| 008 - FIXED-LENGTH DATA ELEMENTS--GENERAL INFORMATION | |
| fixed length control field | 080401t2008 xxua frb 001 0 eng d |
| 010 ## - LIBRARY OF CONGRESS CONTROL NUMBER | |
| LC control number | 2008014998 |
| 020 ## - INTERNATIONAL STANDARD BOOK NUMBER | |
| International Standard Book Number | 9780867154375 (hbk.) |
| 035 ## - SYSTEM CONTROL NUMBER | |
| System control number | (DNLM)101470283 |
| 082 04 - DEWEY DECIMAL CLASSIFICATION NUMBER | |
| Classification number | 617.695 |
| Edition number | 22 |
| Item number | DEN |
| 245 00 - TITLE STATEMENT | |
| Title | Dental materials and their selection / |
| Statement of responsibility, etc | edited by William J. O'Brien. |
| 250 ## - EDITION STATEMENT | |
| Edition statement | 4th ed. |
| 260 ## - PUBLICATION, DISTRIBUTION, ETC. (IMPRINT) | |
| Place of publication, distribution, etc | Chicago, United States : |
| Name of publisher, distributor, etc | Quintessence Publishing Co., Inc., |
| Date of publication, distribution, etc | c.2008 |
| Place of manufacture | ([Ottawa]) |
| 300 ## - PHYSICAL DESCRIPTION | |
| Extent | xiii, 425 p. : |
| Other physical details | ill. ; |
| Dimensions | 28 cm. |
| 500 ## - GENERAL NOTE | |
| General note | Index : p. 411-425. |
| 500 ## - GENERAL NOTE | |
| General note | Includes appendix. |
| 504 ## - BIBLIOGRAPHY, ETC. NOTE | |
| Bibliography, etc | Bibliography : p. 390-394. |
| 650 #0 - SUBJECT ADDED ENTRY--TOPICAL TERM | |
| Topical term or geographic name as entry element | Dental materials |
| 9 (RLIN) | 30155 |
| 653 ## - INDEX TERM--UNCONTROLLED | |
| Arrived date list | February2013 |
| -- | January2014 |
| -- | April2014 |
| 655 ## - INDEX TERM--GENRE/FORM | |
| Form subdivision | |
| -- | 33728 |
| 700 1# - ADDED ENTRY--PERSONAL NAME | |
| Personal name | O'Brien, William J. |
| Fuller form of name | (William Joseph), |
| Dates associated with a name | 1940- |
| 9 (RLIN) | 32544 |
| Relator term | editor. |
| 942 ## - ADDED ENTRY ELEMENTS (KOHA) | |
| Source of classification or shelving scheme | Dewey Decimal Classification |
| Item type | |
| Call number prefix | 617.695 DEN |
| Withdrawn status | Item status | Source of classification or shelving scheme | Damaged status | Not for loan | Vendor | Home library | Current library | Shelving location | Date acquired | Source of acquisition | Total Checkouts | Full call number | Barcode | Date last seen | Koha item type | Total Renewals | Date last borrowed | Cost, normal purchase price | Cost, replacement price |
|---|---|---|---|---|---|---|---|---|---|---|---|---|---|---|---|---|---|---|---|
| Dewey Decimal Classification | Baccah | Central Library | Central Library | First floor | 10/02/2013 | 617.695 DEN | 000028119 | 15/07/2025 | Book - Borrowing | ||||||||||
| Dewey Decimal Classification | Baccah | Central Library | Central Library | First floor | 10/02/2013 | 1 | 617.695 DEN | 000028120 | 15/07/2025 | Book - Borrowing | 19 | 02/11/2016 | |||||||
| Dewey Decimal Classification | Baccah | Central Library | Central Library | First floor | 10/02/2013 | 617.695 DEN | 000028121 | 15/07/2025 | Book - Borrowing | ||||||||||
| Dewey Decimal Classification | Baccah | Central Library | Central Library | First floor | 27/02/2013 | 1 | 617.695 DEN | 000028399 | 15/07/2025 | Book - Borrowing | 1 | 12/03/2019 | |||||||
| Dewey Decimal Classification | Baccah | Central Library | Central Library | First floor | 27/02/2013 | 617.695 DEN | 000028400 | 15/07/2025 | Book - Borrowing | ||||||||||
| Dewey Decimal Classification | Baccah | Central Library | Central Library | First floor | 21/01/2014 | 617.695 DEN | 000035384 | 15/07/2025 | NB - Book (Non borrowing) | ||||||||||
| Dewey Decimal Classification | Baccah | Central Library | Central Library | First floor | 28/01/2014 | 1 | 617.695 DEN | 000035525 | 15/07/2025 | Book - Borrowing | 17/03/2018 | ||||||||
| Dewey Decimal Classification | Baccah | Central Library | Central Library | First floor | 07/04/2014 | 617.695 DEN | 000035875 | 11/10/2025 | Book - Borrowing | 550.00 | 687.50 |